|
|
|
|
| LEADER |
02491nam a2200553 4500 |
| 001 |
978-1-61091-854-1 |
| 003 |
DE-He213 |
| 005 |
20191023141820.0 |
| 007 |
cr nn 008mamaa |
| 008 |
180807s2018 xxu| s |||| 0|eng d |
| 020 |
|
|
|a 9781610918541
|9 978-1-61091-854-1
|
| 024 |
7 |
|
|a 10.5822/978-1-61091-854-1
|2 doi
|
| 040 |
|
|
|d GrThAP
|
| 050 |
|
4 |
|a QH541.5.W3
|
| 050 |
|
4 |
|a QH541.5.F7
|
| 072 |
|
7 |
|a PSAF
|2 bicssc
|
| 072 |
|
7 |
|a SCI020000
|2 bisacsh
|
| 072 |
|
7 |
|a PSAF
|2 thema
|
| 072 |
|
7 |
|a PSP
|2 thema
|
| 082 |
0 |
4 |
|a 577.6
|2 23
|
| 082 |
0 |
4 |
|a 577.7
|2 23
|
| 100 |
1 |
|
|a Nicol, Stephen.
|e author.
|4 aut
|4 http://id.loc.gov/vocabulary/relators/aut
|
| 245 |
1 |
4 |
|a The Curious Life of Krill
|h [electronic resource] /
|c by Stephen Nicol.
|
| 250 |
|
|
|a 1st ed. 2018.
|
| 264 |
|
1 |
|a Washington, DC :
|b Island Press/Center for Resource Economics :
|b Imprint: Island Press,
|c 2018.
|
| 300 |
|
|
|a XIV, 194 p. 44 illus.
|b online resource.
|
| 336 |
|
|
|a text
|b txt
|2 rdacontent
|
| 337 |
|
|
|a computer
|b c
|2 rdamedia
|
| 338 |
|
|
|a online resource
|b cr
|2 rdacarrier
|
| 347 |
|
|
|a text file
|b PDF
|2 rda
|
| 505 |
0 |
|
|a Foreword -- Preface -- Chapter 1 Oceans of Krill -- Chapter 2 Going with the Floes -- Chapter 3 Labors of Love -- Chapter 4 Bringing Krill to Life -- Chapter 5 Antarctic Fast Food -- Chapter 6 Eating Krill -- Chapter 7 Conventional Approaches -- Chapter 8 Krill Futures -- Acknowledgments -- Glossary -- Further Reading -- About the Author -- Index.
|
| 520 |
|
|
|a .
|
| 650 |
|
0 |
|a Aquatic ecology .
|
| 650 |
|
0 |
|a Community ecology, Biotic.
|
| 650 |
|
0 |
|a Ecosystems.
|
| 650 |
|
0 |
|a Animal ecology.
|
| 650 |
|
0 |
|a Wildlife.
|
| 650 |
|
0 |
|a Fish.
|
| 650 |
1 |
4 |
|a Freshwater & Marine Ecology.
|0 http://scigraph.springernature.com/things/product-market-codes/L19066
|
| 650 |
2 |
4 |
|a Community & Population Ecology.
|0 http://scigraph.springernature.com/things/product-market-codes/L19120
|
| 650 |
2 |
4 |
|a Ecosystems.
|0 http://scigraph.springernature.com/things/product-market-codes/L1904X
|
| 650 |
2 |
4 |
|a Animal Ecology.
|0 http://scigraph.springernature.com/things/product-market-codes/L19015
|
| 650 |
2 |
4 |
|a Fish & Wildlife Biology & Management.
|0 http://scigraph.springernature.com/things/product-market-codes/L25080
|
| 710 |
2 |
|
|a SpringerLink (Online service)
|
| 773 |
0 |
|
|t Springer eBooks
|
| 776 |
0 |
8 |
|i Printed edition:
|z 9781610919821
|
| 856 |
4 |
0 |
|u https://doi.org/10.5822/978-1-61091-854-1
|z Full Text via HEAL-Link
|
| 912 |
|
|
|a ZDB-2-SBL
|
| 950 |
|
|
|a Biomedical and Life Sciences (Springer-11642)
|